Japan yesterday and to-day

Uloženo v:
Podrobná bibliografie
Hlavní autor: Komai, Gonnoské
Médium: Kniha
Jazyk:Undetermined
Vydáno: Tokyo Kenkyusha Ltd 1936
Témata:
Tagy: Přidat tag
Žádné tagy, Buďte první, kdo otaguje tento záznam!
Thư viện lưu trữ: Trung tâm Học liệu Trường Đại học Cần Thơ
LEADER 00498nam a2200193Ia 4500
001 CTU_114850
008 210402s9999 xx 000 0 und d
082 |a 915.2 
082 |b K81 
100 |a Komai, Gonnoské 
245 0 |a Japan yesterday and to-day 
245 0 |c Gonnoské Komai 
260 |a Tokyo 
260 |b Kenkyusha Ltd 
260 |c 1936 
650 |a Japan 
650 |x Social life and customs 
904 |i Tuyến 
980 |a Trung tâm Học liệu Trường Đại học Cần Thơ